| 000 | 00796nam a22002297a 4500 | ||
|---|---|---|---|
| 005 | 20240320112437.0 | ||
| 010 | _aENG-139494 | ||
| 020 |
_a9789354421457 _c1075.00 |
||
| 035 | _aEN-123026 | ||
| 037 | _bDBAD/PUB | ||
| 082 |
_a338.04082 _21 |
||
| 100 |
_aUnni, Jeemol _963616 |
||
| 245 |
_aWomen Entrepreneurship in the Indian Middle Class: _bInterdisciplinary Perspectives/ _cBy Jeemol Unni...[et.al] |
||
| 250 | _a1 | ||
| 260 |
_aHyderabad _bOrient Blackswan Private Ltd _c2021 |
||
| 270 |
_a3-6-752, Himayatnagar _bHyderabad _e500029 _minfo@orintblackswan.com |
||
| 300 |
_axvii,271p. _c21cm(pbk) |
||
| 700 |
_aYadav, Vanita _eAuthor _963617 |
||
| 700 |
_aNaik, Ravikiran _eAuthor _963618 |
||
| 700 |
_aDutta, Swati _eAuthor _963619 |
||
| 942 |
_2ddc _h338.04082 _cEN _mUNN _e1 |
||
| 999 |
_c201619 _d201619 |
||